| 000 | 00943nam a22002897a 4500 | ||
|---|---|---|---|
| 001 | BR8403180 | ||
| 003 | BR-BrBNA | ||
| 005 | 20230928091934.0 | ||
| 007 | ta | ||
| 008 | 230509b bl.||||| |||| 00| 0 por d | ||
| 040 |
_aBR-BrBNA _bpor _cBiblioteca Nacional de Agricultura |
||
| 041 | _a(Por) | ||
| 072 |
_aE10; E30 _b/G514 |
||
| 090 | _ E10 BR8403180 | ||
| 110 | 1 |
_aFundacao Centro Estadual de Planejamento Agricola, Salvador, BA (Brasil) _94810 |
|
| 245 | 1 | _aPrograma de trabalho [Fundacao Centro Estadual de Planejamento Agricola, Brasil] | |
| 260 | 3 |
_aSalvador, BA (Brasil): _c1984. |
|
| 300 | _a56 p. | ||
| 500 | _a(*) Documento disponível no(a) Biblioteca Estadual de Agricultura, Salvador, BA (Brazil) | ||
| 650 | _aPOLITICA AGRICOLA | ||
| 650 | _aDESENVOLVIMENTO AGRICOLA | ||
| 650 | _aECONOMIA AGRICOLA | ||
| 650 | _aPOLITICA GOVERNAMENTAL | ||
| 650 | _aBAHIA | ||
| 909 |
_a202309 _bLucia _c55 _dLucia Elande |
||
| 942 | _cBK | ||
| 999 |
_c36302 _d36302 |
||